000 01132nam a2200337 a 4500
001 12742
003 BD-JhCC
005 20230510094310.0
008 230510t20182018enka b 001|0|eng|d
015 _aGBB9A8968
_2bnb
016 7 _a018867551
_2Uk
020 _a9781847941831
_qpaperback
_c£14.99
020 _a1847941834
_qpaperback
_c£14.99
035 _a(BD-JhCC)12742
040 _aStDuBDS
_beng
_erda
_cStDuBDS
_dUk
_dUkOxU
_dBD-JhCC
042 _aukblcatcopy
082 0 4 _a152.33
_223
_bCLE 2018
100 1 _aClear, James,
_eauthor.
245 1 0 _aAtomic habits :
_ban easy and proven way to build good habits and break bad ones : tiny changes, remarkable results /
_cJames Clear.
264 1 _aLondon :
_bRandom House Business Books,
_c2018.
264 4 _c©2018
300 _aix, 306 pages :
_billustrations (black and white) ;
_c24 cm
336 _atext
_2rdacontent
337 _aunmediated
_2rdamedia
338 _avolume
_2rdacarrier
504 _aIncludes bibliographical references and index.
650 0 _aHabit breaking.
650 0 _aHabit.
650 0 _aSelf-actualization (Psychology)
942 _2ddc
_cBK
999 _c12742
_d12742